Proceedings of International Symposium on Moenjodaro, 1973 / (Record no. 590309)
[ view plain ]
| 000 -LEADER | |
|---|---|
| fixed length control field | 01017cam a2200289 i 4500 |
| 001 - CONTROL NUMBER | |
| control field | 3680696 |
| 005 - DATE AND TIME OF LATEST TRANSACTION | |
| control field | 20220715091459.0 |
| 008 - FIXED-LENGTH DATA ELEMENTS--GENERAL INFORMATION | |
| fixed length control field | 771209s1975 pk ab 100 0 eng |
| 010 ## - LIBRARY OF CONGRESS CONTROL NUMBER | |
| LC control number | 77930050 |
| 020 ## - INTERNATIONAL STANDARD BOOK NUMBER | |
| Terms of availability | Rs60.00 |
| 040 ## - CATALOGING SOURCE | |
| Original cataloging agency | DLC |
| Transcribing agency | DLC |
| Modifying agency | DLC |
| 043 ## - GEOGRAPHIC AREA CODE | |
| Geographic area code | a-pk--- |
| -- | a-ii--- |
| 050 00 - LIBRARY OF CONGRESS CALL NUMBER | |
| Classification number | DS392.2.M6 |
| Item number | I57 1973 |
| 082 00 - DEWEY DECIMAL CLASSIFICATION NUMBER | |
| Classification number | 934 |
| Author Mark | INT |
| 111 2# - MAIN ENTRY--MEETING NAME | |
| Meeting name or jurisdiction name as entry element | International Symposium on Moenjodaro, |
| Location of meeting | Mohenjo-Daro, |
| Date of meeting | 1973. |
| 9 (RLIN) | 93585 |
| 245 10 - TITLE STATEMENT | |
| Title | Proceedings of International Symposium on Moenjodaro, 1973 / |
| Statement of responsibility, etc. | edited by Ahmad Nabi Khan. |
| 250 ## - EDITION STATEMENT | |
| Edition statement | 1st ed. |
| 260 ## - PUBLICATION, DISTRIBUTION, ETC. | |
| Place of publication, distribution, etc. | Karachi : |
| Name of publisher, distributor, etc. | National Book Foundation, |
| Date of publication, distribution, etc. | 1975. |
| 300 ## - PHYSICAL DESCRIPTION | |
| Extent | 187 p. : |
| Other physical details | ill. (part. col.), maps ; |
| Dimensions | 29 cm. |
| 650 #0 - SUBJECT ADDED ENTRY--TOPICAL TERM | |
| Topical term or geographic name entry element | Excavations (Archaeology) |
| Geographic subdivision | Pakistan. |
| 9 (RLIN) | 93586 |
| 650 #0 - SUBJECT ADDED ENTRY--TOPICAL TERM | |
| Topical term or geographic name entry element | Indus civilization |
| General subdivision | Congresses. |
| 9 (RLIN) | 93587 |
| 651 #0 - SUBJECT ADDED ENTRY--GEOGRAPHIC NAME | |
| Geographic name | Mohenjo-Daro Site (Pakistan) |
| General subdivision | Congresses. |
| 9 (RLIN) | 93588 |
| 651 #0 - SUBJECT ADDED ENTRY--GEOGRAPHIC NAME | |
| Geographic name | Pakistan |
| General subdivision | Antiquities. |
| 9 (RLIN) | 1751 |
| 700 1# - ADDED ENTRY--PERSONAL NAME | |
| Personal name | Khan, Ahmad Nabi. |
| 9 (RLIN) | 45700 |
| 906 ## - LOCAL DATA ELEMENT F, LDF (RLIN) | |
| a | 7 |
| b | cbc |
| c | orignew |
| d | 4 |
| e | ncip |
| f | 19 |
| g | y-gencatlg |
| 942 ## - ADDED ENTRY ELEMENTS (KOHA) | |
| Source of classification or shelving scheme | |
| Koha item type | Book |
| Withdrawn status | Lost status | Source of classification or shelving scheme | Damaged status | Not for loan | Permanent Location | Current Location | Date acquired | Source of acquisition | Total Checkouts | Full call number | Barcode | Date last seen | Price effective from | Koha item type |
|---|---|---|---|---|---|---|---|---|---|---|---|---|---|---|
| Central Library (CL) | Central Library (CL) | 07/15/2022 | Donated by Dr. Tughral Yamin | 934 INT | CL-D-1824 | 07/15/2022 | 07/15/2022 | Book |
